000 01948nam a22002657a 4500
999 _c57133
_d57133
003 Ge_BSU
005 20191125155436.0
008 191125s2019 ge ||||| |||| 00| 0 geo d
020 _a9789941965067
041 _ageo
080 _a811.353.1(076.5)+37.016+003.074 ვ -25
100 _aვაშაკიძე, იამზე.
_95560
245 _aქართული ენის პრაქტიკული კურსი და აკადემიური წერის საფუძვლები :
_bდამხმარე სახელმძღვანელო სტუდენტებისა და აბიტურიენტებისათვის /
_cიამზე ვაშაკიძე ; ტარიელ ფუტკარაძე ; რედ. მერაბ ნაჭყებია.
264 _aთბილისი :
_bქართული უნივერსიტეტი,
_c2019.
300 _a481 გვ.:
_c29 სმ.
500 _aშემოკლებათა განმ. 469 გვ.
504 _aბიბლიოგრაფ.გვ:453-468
653 _aქართული ენა
653 _aაკადემიური წერის საკითხები
653 _a გრამატიკა
700 _aფუტკარაძე, ტარიელ
_9128
700 _aნაჭყებია, მერაბ
_eრედაქტორი
_9292
710 _eსაქართველოს საპატრიარქოს წმიდა ანდრია პირველწოდებულის სახელობის ქარტული უნივერსიტეტის ჰუმანიტარულ მეცნიერებათა და სამართლის სკოლის ქართველოლოგიის ცენტრი
_95561
942 _2udc
_cBK